The Washington report on Middle East affairs

Features "Washington Report on Middle East Affairs," a journal that is published eight times per year in Washington, D.C. that focuses on news and analysis from and about the Middle East and U.S. policy in that region. Links to previous issues.

Bibliographic Details
Corporate Author: American Educational Trust
Format: Electronic Journal
Language:English
Published: Washington, D.C. : American Educational Trust
Subjects:
Online Access:Full text available from Research Library: 01/31/1990 to present

MARC

LEADER 00000nas a2200000 a 4500
001 ssj0012319
003 WaSeSS
005 20200512172242.0
006 m d
007 cr n
008 010322c19829999dcubx pss 0 a0eng
010 |a  2011202361 
022 |a 2163-2782  |y 8755-4917 
035 |a (WaSeSS)ssj0012319 
040 |a AMH  |b eng  |c AMH  |d OCLCQ  |d N@F  |d OCLCQ  |d DLC  |d OCLCQ  |d OCLCF  |d COD  |d OCL  |d OCLCO  |d OCLCQ  |d Z5A  |d OCLCO  |d UUM  |d OCLCO  |d U3W  |d OCLCO  |d WaSeSS 
042 |a pcc  |a nsdp 
043 |a aw----- 
050 1 4 |a DS63.1  |b .W28 
082 1 0 |a 327  |2 14 
082 0 4 |a 070.572 
222 4 |a The Washington report on Middle East affairs  |b (Online) 
245 0 4 |a The Washington report on Middle East affairs  |h [electronic resource]. 
260 |a Washington, D.C. :  |b American Educational Trust 
310 |a 8 times a year (monthly except Jan./Feb., Mar./Apr. and June/July combined),  |b 2014- 
321 |a Twenty-two issues a year,  |b Apr. 5, 1982- 
321 |a Nine times a year,  |b 2005-2011 
321 |a Eight issues a year,  |b 2012 
321 |a Nine times a year, with combined issues Jan./Feb., June/July and Oct./Nov.,  |b 2013 
362 1 |a Began with vol. 1, no. 1 (Apr. 5, 1982). 
500 |a Title from Ethnic NewsWatch publication list. 
506 |a License restrictions may limit access. 
520 8 |a Features "Washington Report on Middle East Affairs," a journal that is published eight times per year in Washington, D.C. that focuses on news and analysis from and about the Middle East and U.S. policy in that region. Links to previous issues. 
546 |a Search engine available in both English and Spanish. 
588 |a Description based on: Vol. 1, no. 1 (Apr. 5, 1982); title from contents pg. (Wrmea.com, viewed Aug. 31, 2011). 
588 |a Latest issue consulted: June/July 2014 (Wrmea.org, viewed June 30, 2014). 
610 2 4 |a American Educational Trust. 
648 7 |a Since 1945  |2 fast 
650 4 |a International relations  |v Periodicals. 
650 4 |a Electronic journals. 
650 7 |a Politics and government  |2 fast  |0 (OCoLC)fst01919741 
651 0 |a Middle East  |x Politics and government  |y 1945-  |v Periodicals. 
651 0 |a Middle East  |v Periodicals. 
651 4 |a United States. 
651 4 |a Near East. 
651 7 |a Middle East.  |2 fast  |0 (OCoLC)fst01241586 
655 0 |a Electronic journals. 
710 2 |a American Educational Trust. 
856 4 0 |z Full text available from Research Library: 01/31/1990 to present  |u https://search.proquest.com/publication/25637